[Event "Drammen CC-ch Class1"]
[Site "Drammen"]
[Date "2016.04.19"]
[Round "9"]
[White "Sama, Gunnar"]
[Black "Brokke, Otto"]
[Result "0-1"]
[WhiteElo "1411"]
[BlackElo "1383"]
[PlyCount "92"]
[EventDate "2016.01.26"]
[EventType "tourn"]
[EventRounds "9"]
[EventCountry "NOR"]
[SourceTitle "EXT 2024"]
[Source "ChessBase"]
[SourceDate "2023.10.10"]
[SourceVersion "1"]
[SourceVersionDate "2023.10.10"]
[SourceQuality "1"]

1. d4 Nf6 2. c4 e6 3. Nc3 Bb4 4. Qc2 0-0 5. Nf3 d5 6. a3 Bxc3+ 7. Qxc3 Nc6 8. Bg5 h6 9. Bh4 g5 10. Bg3 Ne4 11. Qd3 h5 12. h4 Nxg3 13. fxg3 dxc4 14. Qxc4 g4 15. Ng5 Qxd4 16. Qc2 Qg7 17. 0-0-0 a5 18. e3 a4 19. Bb5 Ne7 20. Bxa4 Nf5 21. Rd3 b6 22. Bc6 Rb8 23. Rhd1 Ba6 24. Rc3 Nxg3 25. Kb1 Nf5 26. Qf2 Rbd8 27. Bd7 Qg6 28. Ka1 c5 29. Rc2 Ng7 30. Rcd2 Bc4 31. Rd6 Bd5 32. e4 Bxe4 33. Nxe4 Qxe4 34. Bc6 Rxd6 35. Rxd6 Qe5 36. Rd7 Nf5 37. Ba4 Ra8 38. Bc2 Rxa3+ 39. Kb1 Re3 40. Qd2 Re1+ 41. Ka2 Qe3 42. Rd8+ Kg7 43. Qd7 Qc1 44. Qe8 Qa1+ 45. Kb3 Nd4+ 46. Kc3 Re3+ 0-1

[Event "Drammen CC-ch Class1"]
[Site "Drammen"]
[Date "2016.02.09"]
[Round "4"]
[White "Brokke, Otto"]
[Black "Hanssen, John Christian"]
[Result "1-0"]
[WhiteElo "1383"]
[BlackElo "1345"]
[PlyCount "143"]
[EventDate "2016.01.26"]
[EventType "tourn"]
[EventRounds "9"]
[EventCountry "NOR"]
[SourceTitle "EXT 2024"]
[Source "ChessBase"]
[SourceDate "2023.10.10"]
[SourceVersion "1"]
[SourceVersionDate "2023.10.10"]
[SourceQuality "1"]

1. e4 e5 2. Nf3 Nc6 3. d4 exd4 4. Nxd4 Nxd4 5. Qxd4 d6 6. Bc4 Nf6 7. e5 dxe5 8. Bxf7+ Ke7 9. Qxd8+ Kxd8 10. 0-0 Bd6 11. Bg5 h6 12. Bh4 g5 13. Bg3 Ke7 14. Bg6 Rg8 15. Bd3 Re8 16. Re1 Kf8 17. Nc3 Bd7 18. h3 Re7 19. Rad1 a6 20. a3 Rae8 21. Bg6 Rd8 22. h4 Be8 23. hxg5 hxg5 24. Bf5 Bd7 25. Be4 b6 26. Bf3 Bg4 27. Bxg4 Nxg4 28. Ne4 Rg7 29. f3 Nh6 30. Bxe5 Rg6 31. Nxg5 Nf7 32. Nxf7 Kxf7 33. Bxd6 Rgxd6 34. Rxd6 Rxd6 35. Kf2 Kf6 36. b4 Rc6 37. Re2 Rc3 38. a4 Ra3 39. a5 bxa5 40. bxa5 Rxa5 41. Re1 Ra2 42. Rc1 a5 43. Ke3 Ke5 44. g3 Ra3+ 45. c3 Kd5 46. Kd3 a4 47. Rb1 Ra2 48. c4+ Kc5 49. Rb5+ Kc6 50. Ra5 Ra3+ 51. Ke4 Ra1 52. c5 a3 53. Kf5 a2 54. g4 Kd5 55. f4 Kc4 56. c6 Kb4 57. Ra7 Kb3 58. Kf6 Rc1 59. g5 a1Q+ 60. Rxa1 Rxa1 61. g6 Ra6 62. Kf7 Rxc6 63. g7 Rc1 64. g8Q c5 65. Kf6+ c4 66. Qb8+ Kc2 67. Ke5 c3 68. Kd4 Rd1+ 69. Kc4 Kd2 70. Qd6+ Kc2 71. Qxd1+ Kxd1 72. Kxc3 1-0

[Event "NOR-ch Class3"]
[Site "Oslo"]
[Date "2015.07.08"]
[Round "6"]
[White "Sletten, Dan Vegar"]
[Black "Brokke, Otto"]
[Result "1-0"]
[WhiteElo "1333"]
[BlackElo "1388"]
[PlyCount "89"]
[EventDate "2015.07.04"]
[EventType "swiss"]
[EventRounds "9"]
[EventCountry "NOR"]
[SourceTitle "EXT 2017"]
[Source "ChessBase"]
[SourceDate "2016.10.25"]
[SourceVersion "1"]
[SourceVersionDate "2016.10.25"]
[SourceQuality "1"]

1. d4 Nf6 2. Nf3 e6 3. Bf4 d5 4. e3 Bd6 5. Ne5 0-0 6. Bd3 h6 7. Nd2 Nbd7 8. Qf3 Bxe5 9. dxe5 Nh7 10. h4 f5 11. g4 Nc5 12. Be2 Bd7 13. Qg2 Bc6 14. f3 Kh8 15. 0-0-0 Rg8 16. gxf5 exf5 17. Rh3 Ne6 18. Rg1 Nxf4 19. exf4 Nf8 20. Bd3 Qd7 21. Nb3 Qf7 22. Nd4 Bd7 23. Rg3 c5 24. Nxf5 Bxf5 25. Bxf5 Re8 26. Kb1 Re7 27. Qh3 Ne6 28. Bxe6 Rxe6 29. Qg4 d4 30. Re1 Rge8 31. Rgg1 b5 32. Re4 a5 33. Rge1 a4 34. f5 Ra6 35. e6 Qf6 36. Re5 Rc6 37. Qe4 Rc7 38. Rd5 Ree7 39. Rd8+ Kh7 40. Rd5 b4 41. Rg1 Re8 42. Rg6 Rxe6 43. Qxe6 Qxh4 44. Rg1 Re7 45. Qg6+ 1-0

[Event "Drammen CC-ch Class1"]
[Site "Drammen"]
[Date "2012.01.24"]
[Round "2"]
[White "Brokke, Otto"]
[Black "Imsrud, Benjamin"]
[Result "0-1"]
[WhiteElo "1486"]
[BlackElo "1573"]
[PlyCount "128"]
[EventDate "2012.01.17"]
[EventType "swiss"]
[EventRounds "9"]
[EventCountry "NOR"]
[SourceTitle "EXT 2024"]
[Source "ChessBase"]
[SourceDate "2023.10.10"]
[SourceVersion "1"]
[SourceVersionDate "2023.10.10"]
[SourceQuality "1"]

1. e4 e5 2. Nf3 Nf6 3. d4 exd4 4. Nxd4 Nc6 5. Nxc6 bxc6 6. Bg5 h6 7. Bh4 g5 8. Bg3 Nxe4 9. Qe2 Qe7 10. Bxc7 Nc5 11. Nc3 Qxe2+ 12. Bxe2 Bg7 13. 0-0 0-0 14. Bc4 Bxc3 15. bxc3 Ne4 16. Bb3 Nxc3 17. Rfe1 Nb5 18. Be5 a5 19. a4 Na7 20. Bd6 Rd8 21. Re7 Rf8 22. Re3 Rd8 23. Rf3 Kh7 24. Rxf7+ Kg6 25. g4 Re8 26. Bf8 d5 27. Rf3 Bxg4 28. Rg3 Rxf8 29. Rxg4 Rad8 30. Rd1 Rf4 31. Rg3 Nc8 32. Re3 Rdf8 33. Rd2 Nd6 34. Re6+ R8f6 35. Rxf6+ Rxf6 36. Kg2 Ne4 37. Re2 Nc5 38. Kf1 Rf4 39. Re3 d4 40. Re8 d3 41. Rc8 Rf6 42. Rd8 Ne4 43. Rxd3 Rxf2+ 44. Kg1 Rd2 45. Rf3 Nd6 46. Rc3 Ne4 47. Rxc6+ Rd6 48. Rc7 Rb6 49. Ra7 Nc5 50. Bf7+ Kf6 51. Be8 Nb7 52. Bb5 Ke5 53. Kf2 Kd4 54. c4 Rf6+ 55. Kg3 Nd6 56. Rd7 Kc5 57. Rc7+ Kb4 58. Kg4 Nxb5 59. cxb5 Kxa4 60. Rb7 Kb4 61. Rb8 a4 62. b6 a3 63. b7 Rb6 64. Re8 Rxb7 0-1

[Event "Drammen CC-ch Class1"]
[Site "Drammen"]
[Date "2011.02.15"]
[Round "4"]
[White "Hanssen, John Christian"]
[Black "Brokke, Otto"]
[Result "0-1"]
[WhiteElo "1344"]
[BlackElo "1385"]
[PlyCount "132"]
[EventDate "2011.01.11"]
[EventType "swiss"]
[EventRounds "9"]
[EventCountry "NOR"]
[SourceTitle "EXT 2024"]
[Source "ChessBase"]
[SourceDate "2023.10.10"]
[SourceVersion "1"]
[SourceVersionDate "2023.10.10"]
[SourceQuality "1"]

1. d4 Nf6 2. c4 g6 3. Nf3 Bg7 4. Nc3 d6 5. Bg5 0-0 6. e3 Bf5 7. Be2 c5 8. dxc5 dxc5 9. Qxd8 Rxd8 10. Rd1 Nc6 11. 0-0 Bc2 12. Rc1 Bf5 13. Rfd1 Ne4 14. Nxe4 Bxe4 15. Rxd8+ Rxd8 16. b3 h6 17. Bh4 g5 18. Bg3 Bf6 19. Rd1 Rxd1+ 20. Bxd1 Bc3 21. h4 g4 22. Nh2 h5 23. f3 gxf3 24. gxf3 Bb1 25. a3 Ba2 26. Bc7 b6 27. f4 Na5 28. Bb8 Nc6 29. Bc7 Bb1 30. Kf2 Bg6 31. Nf1 Kf8 32. Ng3 Bf6 33. f5 Bh7 34. e4 Bxh4 35. Bxh5 Bf6 36. Bd1 Bd4+ 37. Ke2 Ke8 38. Kf3 Kd7 39. Bf4 e5 40. Bg5 Bb2 41. a4 Nd4+ 42. Kg4 Ke8 43. Nh5 Kf8 44. Nf6 Kg7 45. Nd7 Nc6 46. Nf6 Nd4 47. Nd5 Nc6 48. Ne7 Nxe7 49. Bxe7 f6 50. Bd8 Bc3 51. Bc7 Bg8 52. Bb8 a6 53. Bc7 Ba5 54. Kh4 Kh6 55. Bd8 Be1+ 56. Kg4 Bf7 57. Kh3 Kg5 58. Bxb6 Bb4 59. Bd8 Be8 60. Be7 Kf4 61. Bc2 Bh5 62. Bxf6 Bg4+ 63. Kh2 Be1 64. Bg7 Bg3+ 65. Kg1 Bf3 66. f6 Bh5 0-1

[Event "Drammen CC-ch Class1"]
[Site "Drammen"]
[Date "2011.01.26"]
[Round "3"]
[White "Brokke, Otto"]
[Black "Haugjord, Sverre"]
[Result "1-0"]
[WhiteElo "1385"]
[BlackElo "1269"]
[PlyCount "77"]
[EventDate "2011.01.11"]
[EventType "swiss"]
[EventRounds "9"]
[EventCountry "NOR"]
[SourceTitle "EXT 2024"]
[Source "ChessBase"]
[SourceDate "2023.10.10"]
[SourceVersion "1"]
[SourceVersionDate "2023.10.10"]
[SourceQuality "1"]

1. e4 e5 2. Nf3 Nc6 3. d4 exd4 4. Nxd4 Nxd4 5. Qxd4 d6 6. Bc4 Be6 7. Nc3 Bxc4 8. Qxc4 Nf6 9. Bg5 Be7 10. Qb5+ c6 11. Qxb7 Qc8 12. Qxc8+ Rxc8 13. 0-0 0-0 14. Rad1 Rfd8 15. Rfe1 h6 16. Bh4 g5 17. Bg3 Nh5 18. Ne2 Nxg3 19. Nxg3 Rb8 20. Nf5 Bf8 21. b3 Kh7 22. c4 a5 23. Re3 Rb4 24. e5 d5 25. Red3 a4 26. cxd5 axb3 27. axb3 cxd5 28. Rxd5 Rxd5 29. Rxd5 Rxb3 30. Kf1 Kg6 31. g4 Rb1+ 32. Kg2 Rb4 33. h3 h5 34. Ne3 hxg4 35. hxg4 Rb6 36. Rd8 Be7 37. Rh8 Rb2 38. Nf5 Bc5 39. Rh6# 1-0